[Event "Basel Hilton op 12th"]
[Site "Basel"]
[Date "2010.01.01"]
[Round "1"]
[White "Seidler, Lukas"]
[Black "Wirthensohn, Heinz"]
[Result "1/2-1/2"]
[WhiteElo "2049"]
[BlackElo "2392"]
[PlyCount "96"]
[EventDate "2010.01.01"]
[EventType "swiss"]
[EventRounds "7"]
[EventCountry "SUI"]
[SourceTitle "CBM 134 Extra"]
[Source "ChessBase"]
[SourceDate "2010.03.03"]
[SourceVersion "1"]
[SourceVersionDate "2010.03.03"]
[SourceQuality "1"]

1. e4 c5 2. Nf3 g6 3. d4 Bg7 4. Nc3 cxd4 5. Nxd4 Nc6 6. Be3 Nf6 7. Bc4 0-0 8. Bb3 Ng4 9. Qxg4 Nxd4 10. 0-0-0 Nxb3+ 11. axb3 Qa5 12. Kb1 d6 13. Qh4 Bf6 14. Qh6 Bg7 15. Qh4 Bxc3 16. bxc3 f6 17. f4 Qxc3 18. Rd3 Qc6 19. f5 Rf7 20. Bh6 Bxf5 21. exf5 Qxg2 22. Qe1 Rc8 23. Bd2 Qc6 24. Rc3 Qd7 25. Rxc8+ Qxc8 26. fxg6 hxg6 27. Rg1 Qf5 28. Qg3 Rg7 29. h4 Kf7 30. Qe3 Qc5 31. Qg3 Qf5 32. Qg2 d5 33. Re1 Qd7 34. Qf3 Rh7 35. Bb4 e6 36. Rf1 Qd8 37. Qf4 Rh5 38. Qd4 b6 39. Bd2 Kg7 40. Qf2 Rf5 41. Qg2 Rxf1+ 42. Qxf1 e5 43. Qh3 Qe8 44. Qg4 d4 45. h5 g5 46. Bxg5 fxg5 47. Qxg5+ Kh7 48. h6 Qd7 1/2-1/2

[Event "GER-ch U25 op"]
[Site "Willingen"]
[Date "2009.06.06"]
[Round "9"]
[White "Seidler, Lukas"]
[Black "Siebarth, Marco"]
[Result "1-0"]
[WhiteElo "1805"]
[BlackElo "2031"]
[PlyCount "123"]
[EventDate "2009.05.30"]
[EventType "swiss"]
[EventRounds "9"]
[EventCountry "GER"]
[SourceTitle "EXT 2010"]
[Source "ChessBase"]
[SourceDate "2010.11.25"]
[SourceVersion "1"]
[SourceVersionDate "2010.11.25"]
[SourceQuality "1"]

1. e4 d5 2. exd5 Qxd5 3. Nc3 Qa5 4. d4 Nf6 5. Bc4 c6 6. Nge2 Bf5 7. 0-0 e6 8. Ng3 Bd6 9. f4 0-0 10. Nxf5 exf5 11. Qd3 g6 12. Bd2 Qc7 13. d5 Nbd7 14. dxc6 bxc6 15. Rad1 Nc5 16. Qf3 Nce4 17. Nxe4 Nxe4 18. Be3 Rfe8 19. Bd4 Bc5 20. Bxc5 Nxc5 21. b3 Ne4 22. Kh1 Rad8 23. Rxd8 Qxd8 24. Qd3 Qf6 25. Qd7 Re7 26. Qd8+ Kg7 27. Qd3 Nc5 28. Qd2 Ne4 29. Qd3 h5 30. g3 h4 31. Kg2 Nc5 32. Qd2 Rd7 33. Qe3 Ne4 34. Bd3 Qc3 35. Re1 Nf6 36. Qe5 Qb4 37. Re2 hxg3 38. hxg3 Qa3 39. Qa1 Qa5 40. Bc4 Rd2 41. Kf1 Rxe2 42. Kxe2 Qa3 43. Kf3 Qd6 44. Qc3 Kf8 45. Qd3 Qe7 46. Qd4 Kg7 47. Be2 Kg8 48. Bc4 Ng4 49. a3 Qe1 50. b4 Kf8 51. Qd6+ Kg8 52. Qxg6+ Kh8 53. Qxf5 Qd1+ 54. Be2 Nh2+ 55. Kf2 Qd4+ 56. Kg2 f6 57. Qh5+ Kg7 58. Qxh2 Qe4+ 59. Kg1 Qxc2 60. Bf1 Qc3 61. Qa2 Qxg3+ 62. Qg2 1-0